[Event "Olongapo City Puregold op-B"]
[Site "Olongapo City"]
[Date "2015.11.20"]
[Round "7"]
[White "Mirano, Jan Francis"]
[Black "Sarmiento, Rodolfo"]
[Result "1-0"]
[WhiteElo "2010"]
[BlackElo "1649"]
[PlyCount "39"]
[EventDate "2015.11.17"]
[EventType "swiss"]
[EventRounds "9"]
[EventCountry "PHI"]
[SourceTitle "EXT 2017"]
[Source "ChessBase"]
[SourceDate "2016.10.25"]
[SourceVersion "1"]
[SourceVersionDate "2016.10.25"]
[SourceQuality "1"]

1. d4 Nf6 2. c4 g6 3. Nc3 Bg7 4. e4 d6 5. Bd3 0-0 6. Nge2 e5 7. d5 a5 8. 0-0 Na6 9. Ng3 Nc5 10. Bc2 h5 11. Bg5 Bd7 12. f4 Bg4 13. Qd2 Bc8 14. fxe5 dxe5 15. Rf2 Ra6 16. Raf1 Qd6 17. Bxf6 Qb6 18. Nxh5 Bxf6 19. Nxf6+ Kg7 20. Qg5 1-0